| 000 | 00511nam a2200229Ia 4500 | ||
|---|---|---|---|
| 003 | IT-RoPAU | ||
| 008 | 120407s9999 xx 000 0 und d | ||
| 040 | _aIT-RoPAU | ||
| 040 | _cIT-RoPAU | ||
| 041 | _aita | ||
| 100 | _aBernard Charles Andrè | ||
| 245 | _aLa spiritualità del cuore di Cristo | ||
| 250 | _aCinisello Balsamo | ||
| 260 | _aEdizioni Paoline | ||
| 260 | _c1989 | ||
| 300 | _a119 p. | ||
| 300 | _c21 cm | ||
| 490 | _aSpiritualità,4 | ||
| 490 | _v1 | ||
| 942 | _cBK | ||
| 999 |
_c24677 _d24677 |
||